000 00636nam a2200241Ia 4500
003 OSt
005 20220924152325.0
006 a|||||r|||| 00| 0
007 ta
008 220923b |||||||| |||| 00| 0 ara d
024 _a341998
037 _cTextual
040 _aARTS
_cARTS
_bara
041 _2ara
_aara
082 _aQ7wD663, 28N1.1-.3
100 _aHanfi Hussain Shakiri Au.
_9226384
245 0 _aAlli fi al-kitab wassunnat
260 _c1991
490 _vVol.1
650 _aISLAM
_9577
942 _hQ7wD663, 28N1.1-.3
_cTEXL
_2CC
999 _c469456
_d469456